[Event "Nezhmetdinov Memorial 37th"]
[Site "Kazan"]
[Date "2015.06.05"]
[Round "6"]
[White "Faizrakhmanov, Ildar"]
[Black "Mingatin, Mars"]
[Result "1/2-1/2"]
[WhiteElo "1871"]
[BlackElo "1957"]
[PlyCount "109"]
[EventDate "2015.05.31"]
[EventType "swiss"]
[EventRounds "9"]
[EventCountry "RUS"]
[SourceTitle "CBM 166 Extra"]
[Source "ChessBase"]
[SourceDate "2015.06.18"]
[SourceVersion "1"]
[SourceVersionDate "2015.06.18"]
[SourceQuality "1"]

1. d4 Nf6 2. c4 g6 3. Nc3 Bg7 4. e4 d6 5. Nf3 0-0 6. h3 e5 7. d5 a5 8. Be3 Na6 9. a3 Bd7 10. Bd3 Nh5 11. 0-0 Nf4 12. Bxf4 exf4 13. Qd2 g5 14. Qc2 Nc5 15. Rfe1 Nxd3 16. Qxd3 Qf6 17. e5 dxe5 18. Nxe5 Bf5 19. Qf3 Rae8 20. Ng4 Qg6 21. Rad1 h5 22. Nh2 Be5 23. d6 cxd6 24. Qxb7 g4 25. hxg4 hxg4 26. Nd5 Qg5 27. Qa7 Kg7 28. Nc7 Re7 29. c5 g3 30. fxg3 Qxg3 31. cxd6 Bh3 32. Qf2 Bxd6 33. Qxg3+ fxg3 34. Rxe7 gxh2+ 35. Kh1 Bxe7 36. gxh3 Rc8 37. Rc1 Kg8 38. Rc3 Bd6 39. Nb5 Rxc3 40. Nxc3 Be5 41. Nd1 Kg7 42. b3 Kg6 43. Ne3 f5 44. Nf1 Kg5 45. Nxh2 Bd6 46. Kg2 Kf4 47. a4 Ke3 48. Nf3 Kd3 49. Nh4 f4 50. Kf3 Kc3 51. Nf5 Bb4 52. Kxf4 Bc5 53. Ke4 Kxb3 54. Nd4+ Kxa4 55. Nc6 1/2-1/2

[Event "Nezhmetdinov Memorial 37th"]
[Site "Kazan"]
[Date "2015.06.03"]
[Round "4"]
[White "Markelova, Lubov"]
[Black "Faizrakhmanov, Ildar"]
[Result "1-0"]
[WhiteElo "2085"]
[BlackElo "1871"]
[PlyCount "79"]
[EventDate "2015.05.31"]
[EventType "swiss"]
[EventRounds "9"]
[EventCountry "RUS"]
[SourceTitle "CBM 166 Extra"]
[Source "ChessBase"]
[SourceDate "2015.06.18"]
[SourceVersion "1"]
[SourceVersionDate "2015.06.18"]
[SourceQuality "1"]

1. Nf3 d5 2. d4 Nf6 3. c4 e6 4. Nc3 Be7 5. Bg5 Nbd7 6. cxd5 exd5 7. e3 c6 8. Bd3 h6 9. Bh4 0-0 10. Qc2 Re8 11. 0-0 Ne4 12. Bxe7 Qxe7 13. b4 b6 14. Rac1 Bb7 15. Qb3 Ndf6 16. Bxe4 Nxe4 17. Nxe4 Qxe4 18. Ne5 Rec8 19. a4 c5 20. bxc5 Ba6 21. f3 Qf5 22. Rfe1 bxc5 23. Qxd5 c4 24. Qd6 Qe6 25. Qxe6 fxe6 26. Nd7 Rc6 27. Rc3 Rd6 28. Nc5 Rb8 29. Kf2 Rb4 30. Rec1 Rdb6 31. Kg3 Rc6 32. h4 Kf7 33. Kf4 Rd6 34. g4 g6 35. Nxa6 Rxa6 36. Rxc4 Rbxa4 37. Rc7+ Ke8 38. Rh7 Kd8 39. Rcc7 h5 40. Rcg7 1-0

[Event "Nezhmetdinov Memorial 37th"]
[Site "Kazan"]
[Date "2015.06.01"]
[Round "2"]
[White "Shaydullina, Sandugach"]
[Black "Faizrakhmanov, Ildar"]
[Result "1-0"]
[WhiteElo "2123"]
[BlackElo "1871"]
[PlyCount "149"]
[EventDate "2015.05.31"]
[EventType "swiss"]
[EventRounds "9"]
[EventCountry "RUS"]
[SourceTitle "CBM 166 Extra"]
[Source "ChessBase"]
[SourceDate "2015.06.18"]
[SourceVersion "1"]
[SourceVersionDate "2015.06.18"]
[SourceQuality "1"]

1. d4 d5 2. c4 e6 3. Nf3 Nf6 4. g3 Bb4+ 5. Bd2 Be7 6. Bg2 c6 7. Qc2 Nbd7 8. 0-0 Ne4 9. Bf4 Ndf6 10. Ne5 Nd6 11. Nd2 0-0 12. g4 Nd7 13. e4 dxc4 14. Rad1 Nb6 15. h3 Nb5 16. Ndf3 Nd6 17. g5 f6 18. gxf6 Bxf6 19. Bh2 Bg5 20. Nxc6 bxc6 21. Nxg5 Nb5 22. Nf3 Ba6 23. a4 Nd6 24. Rfe1 Nf7 25. Re3 Ng5 26. Ne5 Rc8 27. Ra3 Nf7 28. a5 Nxe5 29. Bxe5 Nd7 30. Bh2 Qf6 31. e5 Qg6 32. Qxg6 hxg6 33. Be4 Rc7 34. Bxg6 Rb7 35. Rd2 Rfb8 36. Ra2 Rb3 37. Be4 Rxh3 38. f3 Rc8 39. Kg2 Rh8 40. Bf4 Kf7 41. Ra1 Nf8 42. Rg1 Ng6 43. Bg3 Ne7 44. Kf2 Nd5 45. Ke1 Rb8 46. Rdg2 Ne3 47. Rd2 Nd5 48. Bh2 Rb5 49. Rdg2 Rxa5 50. Rxg7+ Kf8 51. Rh7 Rxh7 52. Bxh7 Ra1+ 53. Kd2 Rxg1 54. Bxg1 Ke7 55. Bf2 Kd7 56. Bg3 Bb5 57. f4 Ne7 58. Bf2 a6 59. Be1 Kc7 60. Ke3 Ba4 61. Ba5+ Kd7 62. Kd2 Bb5 63. Be4 Nd5 64. f5 exf5 65. Bxf5+ Ke7 66. Bc8 Nf4 67. Ke3 Ne6 68. Bb4+ Kf7 69. Ke4 Nc7 70. Kf5 Nd5 71. e6+ Ke8 72. Bd7+ Kd8 73. Bd2 Ba4 74. Ke5 Bd1 75. Kd6 1-0

[Event "Nezhmetdinov Memorial 36th"]
[Site "Kazan"]
[Date "2014.06.07"]
[Round "8"]
[White "Mingatin, Mars"]
[Black "Faizrakhmanov, Ildar"]
[Result "1-0"]
[WhiteElo "2004"]
[BlackElo "1721"]
[PlyCount "85"]
[EventDate "2014.05.31"]
[EventType "swiss"]
[EventRounds "9"]
[EventCountry "RUS"]
[SourceTitle "CBM 160 Extra"]
[Source "ChessBase"]
[SourceDate "2014.07.01"]
[SourceVersion "1"]
[SourceVersionDate "2014.07.01"]
[SourceQuality "1"]

1. d4 Nf6 2. c4 e6 3. Nc3 b6 4. Qc2 Bb7 5. e4 d6 6. f4 Be7 7. Nf3 0-0 8. Bd3 h6 9. h3 c5 10. d5 exd5 11. cxd5 Ba6 12. 0-0 c4 13. Be2 Nh7 14. Nd4 Bf6 15. Be3 Qc7 16. Ncb5 Qc5 17. Qxc4 Nd7 18. Qb3 Bxb5 19. Nxb5 Qc8 20. Nxd6 Qd8 21. Nb7 Qc7 22. Ba6 Be7 23. Rac1 Bc5 24. Nxc5 Nxc5 25. Bxc5 bxc5 26. Qa3 Qb6 27. Kh1 Nf6 28. Bd3 Rfe8 29. Rc4 Rab8 30. b3 Nh5 31. Rf3 Rbc8 32. e5 g5 33. fxg5 Rxe5 34. gxh6 Re1+ 35. Bf1 Rxf1+ 36. Rxf1 Ng3+ 37. Kg1 Nxf1 38. Kxf1 Qf6+ 39. Kg1 Re8 40. Qc1 Re2 41. Rg4+ Kf8 42. Qxc5+ Ke8 43. Qb5+ 1-0

[Event "Nezhmetdinov Memorial 36th"]
[Site "Kazan"]
[Date "2014.06.06"]
[Round "7"]
[White "Fedotov, Nikita1111"]
[Black "Faizrakhmanov, Ildar"]
[Result "1-0"]
[WhiteElo "2017"]
[BlackElo "1721"]
[PlyCount "119"]
[EventDate "2014.05.31"]
[EventType "swiss"]
[EventRounds "9"]
[EventCountry "RUS"]
[SourceTitle "CBM 160 Extra"]
[Source "ChessBase"]
[SourceDate "2014.07.01"]
[SourceVersion "1"]
[SourceVersionDate "2014.07.01"]
[SourceQuality "1"]

1. c4 Nf6 2. Nf3 e6 3. g3 b6 4. Bg2 Bb7 5. 0-0 Be7 6. Nc3 0-0 7. d4 d5 8. Nd2 Nc6 9. e3 Rb8 10. b3 Ba6 11. Re1 Na5 12. cxd5 Nxd5 13. Nxd5 exd5 14. Bb2 Nc6 15. a3 Bf6 16. Rc1 Bb7 17. Qc2 Rc8 18. b4 Qd7 19. Nb3 Ne7 20. Qd3 Rfe8 21. Rc2 Bc6 22. Bf1 Qd6 23. Rec1 Bd7 24. Qd2 c6 25. Ba6 Rc7 26. Bd3 Nf5 27. Rc3 Bg5 28. Bf1 Qe7 29. Rb1 Nd6 30. f3 Nf5 31. Bc1 h5 32. Qf2 Nd6 33. Bd2 h4 34. Qg2 hxg3 35. hxg3 g6 36. Bd3 Kg7 37. e4 Bxd2 38. Nxd2 Rh8 39. e5 Bh3 40. Qf2 Nf5 41. Rbc1 Qg5 42. Bxf5 gxf5 43. f4 Qh6 44. Nf3 Bg4 45. Nh4 Qe6 46. Qc2 Rhc8 47. b5 c5 48. dxc5 Rxc5 49. Qd2 Rc4 50. Rxc4 Rxc4 51. Rxc4 dxc4 52. Qd4 Be2 53. Kf2 Bd3 54. Nf3 Kh6 55. Ng5 Qe8 56. e6 fxe6 57. Qf6+ Kh5 58. Nf7 Qg8 59. Qh6+ Kg4 60. Qh4# 1-0

[Event "Nezhmetdinov Memorial 36th"]
[Site "Kazan"]
[Date "2014.06.05"]
[Round "6"]
[White "Faizrakhmanov, Ildar"]
[Black "Bubnov, Kirill"]
[Result "1-0"]
[WhiteElo "1721"]
[BlackElo "1871"]
[PlyCount "117"]
[EventDate "2014.05.31"]
[EventType "swiss"]
[EventRounds "9"]
[EventCountry "RUS"]
[SourceTitle "CBM 160 Extra"]
[Source "ChessBase"]
[SourceDate "2014.07.01"]
[SourceVersion "1"]
[SourceVersionDate "2014.07.01"]
[SourceQuality "1"]

1. e4 e6 2. d4 d5 3. Nc3 Bb4 4. e5 Bxc3+ 5. bxc3 c5 6. Nf3 Qc7 7. Be2 Ne7 8. 0-0 0-0 9. Bd3 Ng6 10. h4 c4 11. Bxg6 fxg6 12. Ba3 Rf5 13. Qd2 h6 14. Nh2 Nc6 15. g4 Rf7 16. Kg2 Qd8 17. Kg3 Ne7 18. Nf3 Bd7 19. Rh1 Ba4 20. Rh3 Qd7 21. Rah1 Raf8 22. Kg2 Rf4 23. Rg3 Qe8 24. Qe2 Qf7 25. Bc1 Re4 26. Be3 Nc6 27. Rc1 Qe7 28. Nd2 Rxe3 29. Qxe3 Qxh4 30. g5 hxg5 31. Qxg5 Qxg5 32. Rxg5 Kf7 33. Rg3 Ne7 34. Nf3 Nf5 35. Ng5+ Ke7 36. Rh3 Nh6 37. Nf3 Rf4 38. Nh2 Re4 39. Re3 Rf4 40. Nf1 Nf5 41. Rh3 Nh4+ 42. Kg3 g5 43. Nh2 Kf7 44. f3 Nf5+ 45. Kf2 Kg6 46. Ng4 Nh4 47. Ne3 Nf5 48. Ng2 a6 49. Nxf4+ gxf4 50. Rg1+ Kf7 51. Rg4 Bxc2 52. Rxf4 b5 53. Rxf5+ Bxf5 54. Rh8 b4 55. cxb4 c3 56. Rc8 c2 57. Ke3 Kg6 58. a4 Kg5 59. b5 1-0